| 000 | 01377nmm a2200313 a 4500 | ||
|---|---|---|---|
| 001 | 0000023679 | ||
| 003 | CO-CtgCURN | ||
| 005 | 20250331185245.0 | ||
| 007 | co cga---uuuuu | ||
| 007 | ta | ||
| 008 | 160627s2004 i eng d | ||
| 020 | _a9586483576 | ||
| 040 |
_aCO-CtgCURN _bspa _ccoctgcurn |
||
| 082 | 0 |
_a657.45 _bE82 |
|
| 100 | 1 | _aEstupiñán Gaitán, Rodrigo. | |
| 245 | 1 | 0 |
_aPapeles de trabajo en la auditoria financiera _h[electronic resource] : _bcon base en las normas nacionales e internacionales / _cpresentado por Rodrigo Estupiñan , CO. |
| 260 |
_aBogotá : _bNorma, _c2004. |
||
| 300 |
_aviii, 331 p. + _e1 Cd-Rom. |
||
| 336 | _2rdacontent | ||
| 337 |
_2rdamedia _asin mediacion _bn |
||
| 338 |
_2rdacarrier _avolumen _bnc |
||
| 490 | 1 | _aTextos universitarios. Contabilidad, Auditoria y Control | |
| 505 | 8 | _aContenido: Auditoria financiera (aspectos teorico-practicos) -- Papeles de trabajo (Ejercicio completo) -- Compañia industrial y comercial s.a --Estados financieros con sus notas -- Nuevo modelo de auditoria financiera -- Auditoria financiera con base en los ciclos transacciónales | |
| 650 | 1 | 4 |
_aAuditoria financiera _zColombia. |
| 908 | _a160627 | ||
| 942 |
_cBK _h657.45 _iE82 _2ddc |
||
| 999 |
_c24348 _d24348 |
||